| 000 | 00787nam a22002537a 4500 | ||
|---|---|---|---|
| 003 | OSt | ||
| 005 | 20220924113704.0 | ||
| 006 | a|||||r|||| 00| 0 | ||
| 007 | ta | ||
| 008 | 220923b |||||||| |||| 00| 0 gre d | ||
| 024 | _a243008 | ||
| 037 | _cGeneral Books | ||
| 040 |
_aARTS _cARTS _bGRE |
||
| 041 |
_2GRE _aGRE |
||
| 082 | _aO13,2C475,AG, 153M1 | ||
| 100 | _aਇਸਕਿਲਸ; | ||
| 245 | 0 | _aਐਗਮੈਮਨਨ | |
| 260 |
_aਦਿਲੀ _b ਸਾਹਿਤ ਅਕਾਦਮੀ _c1981 |
||
| 300 | _a152ਪੰ | ||
| 650 | _aਗ੍ਰੀਕ ਸਾਹਿਤ | ||
| 700 | _a ਮੋਹਲ, ਬ੍ਰਜ, ੳਗ। | ||
| 942 |
_hO13,2C475,AG, 153M1 _cGB _2CC |
||
| 999 |
_c390467 _d390467 |
||